Job : (Record no. 4931)
[ view plain ]
| 000 -LEADER | |
|---|---|
| fixed length control field | 00710cam a22002172 4500 |
| 001 - CONTROL NUMBER | |
| control field | 0000000823 |
| 005 - DATE AND TIME OF LATEST TRANSACTION | |
| control field | 20151217151758.0 |
| 008 - FIXED-LENGTH DATA ELEMENTS--GENERAL INFORMATION | |
| fixed length control field | 070220s xx 000 0 eng d |
| 020 ## - INTERNATIONAL STANDARD BOOK NUMBER | |
| International Standard Book Number | 0851118313 : |
| Terms of availability | KES 890 |
| 040 ## - CATALOGING SOURCE | |
| Original cataloging agency | KABU |
| Transcribing agency | KABU |
| 050 #0 - LIBRARY OF CONGRESS CALL NUMBER | |
| Classification number | BS1415.3 |
| Item number | .A5 1976 |
| 100 1# - MAIN ENTRY--PERSONAL NAME | |
| Personal name | Andersen, Francis I. |
| -- | 0000149200 |
| 245 10 - TITLE STATEMENT | |
| Title | Job : |
| Remainder of title | an introduction and commentary / |
| Statement of responsibility, etc. | Francis I. Andersen. |
| 260 ## - PUBLICATION, DISTRIBUTION, ETC. (IMPRINT) | |
| Place of publication, distribution, etc. | Leicester : |
| Name of publisher, distributor, etc. | Inter Varsity Press, |
| Date of publication, distribution, etc. | 1976. |
| 300 ## - PHYSICAL DESCRIPTION | |
| Extent | 294 p. ; |
| Dimensions | 19 cm. |
| 440 #4 - SERIES STATEMENT/ADDED ENTRY--TITLE | |
| Title | The Tyndale Old Testament commentaries |
| -- | 0000149187 |
| 630 00 - SUBJECT ADDED ENTRY--UNIFORM TITLE | |
| Uniform title | Bible. |
| Name of part/section of a work | O.T. |
| -- | Job. |
| General subdivision | Commentaries. |
| -- | 0000149201 |
| 908 ## - PUT COMMAND PARAMETER (RLIN) | |
| Put command parameter | 070220 |
| 950 ## - LOCAL HOLDINGS (RLIN) | |
| -- | 1 |
| Withdrawn status | Lost status | Source of classification or shelving scheme | Not for loan | Home library | Current library | Date acquired | Total Checkouts | Total Renewals | Full call number | Barcode | Date last seen | Date last checked out | Price effective from | Koha item type |
|---|---|---|---|---|---|---|---|---|---|---|---|---|---|---|
| Library of Congress Classification | Kabarak, Main Campus | Kabarak, Main Campus | 17/12/2015 | 4 | 1 | BS1415.3 .A5 1976 | 000234 | 02/08/2024 | 03/11/2022 | 17/12/2015 | General Collection |